| 000 | 00438nam a2200157 a 4500 | ||
|---|---|---|---|
| 001 | 000013986 | ||
| 005 | 20200929163429.0 | ||
| 008 | 091202s1984 dr 000 0 spa d | ||
| 040 |
_aDO-SdBNP _bspa _cBNPHU |
||
| 082 |
_axxxx _bC745c |
||
| 100 | 1 |
_aConde, Pedro _926799 |
|
| 245 | 1 | 4 |
_aLos cocodrilos : _bensayos sobre poetas / _cPedro Conde. |
| 260 |
_aSanto Domingo : _bAlfa & Omega, _c1984. |
||
| 300 |
_a75 p. ; _c18 cm. |
||
| 049 | _aBNPD | ||
| 999 |
_c13590 _d13590 |
||